| 000 | 00518nam a2200181Ia 4500 | ||
|---|---|---|---|
| 005 | 20250603144738.0 | ||
| 008 | 250603s9999 xx 000 0 und d | ||
| 020 | _a9783794671 | ||
| 050 | _aHV 6288.N6 .C75/ | ||
| 100 | _aEdited by Sam O. Smah; Moses U. Ikoh & Ada Okau | ||
| 245 | 0 | _aCrimes against the state in Nigeria: theoretical issues and empirical evidence | |
| 260 | _aAbuja | ||
| 260 | _bCentre for Youth Research, Jos & Abuja. | ||
| 260 | _c2019 | ||
| 300 | _a453 p | ||
| 650 | _aAbuja | ||
| 942 | _cBK | ||
| 999 |
_c39826 _d39826 |
||